[Event "DEM U12 2025"]
[Site "Willingen GER"]
[Date "2025.06.11"]
[Round "5"]
[White "Retzlaff, Nick"]
[Black "Li, Yunqi"]
[Result "1/2-1/2"]
[Termination "normal"]
[Board "4"]
[WhiteElo "1790"]
[BlackElo "2124"]
[WhiteClock "00:58:13"]
[BlackClock "00:36:42"]
[PlyCount "53"]
[WhiteFideId "34610367"]
[BlackFideId "34610618"]
[EventCountry "GER"]
[EventRounds "9"]
[EventType "swiss"]
[EventDate "2025.06.07"]

1. e4 {[%clk 01:30:57]} {[%emt 00:00:03]} e6 {[%clk 01:30:55]} {[%emt
00:00:06]} 2. d4 {[%clk 01:31:22]} {[%emt 00:00:05]} d5 {[%clk 01:31:20]}
{[%emt 00:00:04]} 3. Nc3 {[%clk 01:31:48]} {[%emt 00:00:04]} Nf6 {[%clk
01:31:45]} {[%emt 00:00:05]} 4. Bg5 {[%clk 01:32:13]} {[%emt 00:00:05]} Bb4
{[%clk 01:32:09]} {[%emt 00:00:06]} 5. e5 {[%clk 01:32:39]} {[%emt 00:00:04]}
h6 {[%clk 01:32:35]} {[%emt 00:00:04]} 6. Bd2 {[%clk 01:33:06]} {[%emt
00:00:03]} Bxc3 {[%clk 01:32:56]} {[%emt 00:00:09]} 7. bxc3 {[%clk 01:33:32]}
{[%emt 00:00:04]} Ne4 {[%clk 01:33:18]} {[%emt 00:00:08]} 8. Bc1 {[%clk
01:33:57]} {[%emt 00:00:05]} c5 {[%clk 01:21:49]} {[%emt 00:11:58]} 9. Ne2
{[%clk 01:34:21]} {[%emt 00:00:07]} Qa5 {[%clk 01:09:43]} {[%emt 00:12:35]} 10.
f3 {[%clk 01:34:47]} {[%emt 00:00:05]} Nxc3 {[%clk 01:09:41]} {[%emt 00:00:32]}
11. Qd2 {[%clk 01:35:12]} {[%emt 00:00:05]} cxd4 {[%clk 01:10:06]} {[%emt
00:00:05]} 12. Nxd4 {[%clk 01:35:34]} {[%emt 00:00:08]} Qc5 {[%clk 01:07:55]}
{[%emt 00:02:41]} 13. a4 {[%clk 01:35:59]} {[%emt 00:00:05]} Nc6 {[%clk
00:57:34]} {[%emt 00:10:50]} 14. Nb3 {[%clk 01:32:17]} {[%emt 00:04:13]} Qb4
{[%clk 00:54:52]} {[%emt 00:03:12]} 15. Ba3 {[%clk 01:32:08]} {[%emt 00:00:40]}
Qh4+ {[%clk 00:50:52]} {[%emt 00:04:29]} 16. g3 {[%clk 01:32:34]} {[%emt
00:00:04]} Qh5 {[%clk 00:51:18]} {[%emt 00:00:04]} 17. Qxc3 {[%clk 01:32:54]}
{[%emt 00:00:10]} Qxe5+ {[%clk 00:51:42]} {[%emt 00:00:06]} 18. Qxe5 {[%clk
01:33:16]} {[%emt 00:00:07]} Nxe5 {[%clk 00:52:08]} {[%emt 00:00:04]} 19. Bb5+
{[%clk 01:31:58]} {[%emt 00:01:49]} Bd7 {[%clk 00:52:01]} {[%emt 00:00:37]} 20.
Bxd7+ {[%clk 01:31:18]} {[%emt 00:01:09]} Kxd7 {[%clk 00:49:10]} {[%emt
00:03:22]} 21. f4 {[%clk 01:15:24]} {[%emt 00:16:23]} Nc4 {[%clk 00:48:25]}
{[%emt 00:01:16]} 22. Bc5 {[%clk 01:13:55]} {[%emt 00:01:59]} b6 {[%clk
00:45:04]} {[%emt 00:03:51]} 23. Bf2 {[%clk 01:10:35]} {[%emt 00:03:49]} Rhc8
{[%clk 00:40:26]} {[%emt 00:05:08]} 24. O-O {[%clk 01:07:33]} {[%emt 00:03:32]}
Nd6 {[%clk 00:39:07]} {[%emt 00:01:50]} 25. a5 {[%clk 01:04:52]} {[%emt
00:03:11]} b5 {[%clk 00:36:32]} {[%emt 00:03:05]} 26. Nd4 {[%clk 01:00:24]}
{[%emt 00:04:58]} a6 {[%clk 00:36:42]} {[%emt 00:00:20]} 27. Rfe1 {[%clk
00:58:13]} {[%emt 00:02:40]} 1/2-1/2

[Event "DEM U12 2025"]
[Site "Willingen GER"]
[Date "2025.06.11"]
[Round "5"]
[White "Naumann, Lennart"]
[Black "Steinbrenner, Peter"]
[Result "0-1"]
[Termination "normal"]
[Board "5"]
[WhiteElo "1820"]
[BlackElo "1908"]
[WhiteClock "00:01:04"]
[BlackClock "00:02:19"]
[PlyCount "78"]
[WhiteFideId "34644830"]
[BlackFideId "34645535"]
[EventCountry "GER"]
[EventRounds "9"]
[EventType "swiss"]
[EventDate "2025.06.07"]

1. e4 {[%clk 01:30:59]} c5 {[%clk 01:30:52]} {[%emt 00:00:08]} 2. c3 {[%clk
01:31:23]} {[%emt 00:00:06]} Nf6 {[%clk 01:31:05]} {[%emt 00:00:17]} 3. e5
{[%clk 01:31:41]} {[%emt 00:00:12]} Nd5 {[%clk 01:31:24]} {[%emt 00:00:12]} 4.
g3 {[%clk 01:31:58]} {[%emt 00:00:12]} e6 {[%clk 01:31:13]} {[%emt 00:00:42]}
5. Bg2 {[%clk 01:32:20]} {[%emt 00:00:07]} d6 {[%clk 01:30:25]} {[%emt
00:01:19]} 6. exd6 {[%clk 01:31:51]} {[%emt 00:00:58]} Bxd6 {[%clk 01:28:51]}
{[%emt 00:02:06]} 7. Ne2 {[%clk 01:31:42]} {[%emt 00:00:38]} Nd7 {[%clk
01:26:40]} {[%emt 00:02:41]} 8. d4 {[%clk 01:31:53]} {[%emt 00:00:18]} O-O
{[%clk 01:23:07]} {[%emt 00:04:04]} 9. O-O {[%clk 01:31:53]} {[%emt 00:00:31]}
N7b6 {[%clk 01:17:03]} {[%emt 00:06:34]} 10. Nd2 {[%clk 01:19:08]} {[%emt
00:13:14]} f5 {[%clk 01:07:27]} {[%emt 00:10:07]} 11. c4 {[%clk 01:13:30]}
{[%emt 00:06:07]} Nf6 {[%clk 00:54:21]} {[%emt 00:13:34]} 12. dxc5 {[%clk
01:06:38]} {[%emt 00:07:24]} Bxc5 {[%clk 00:51:59]} {[%emt 00:02:53]} 13. Nb3
{[%clk 01:06:04]} {[%emt 00:01:03]} Be7 {[%clk 00:48:35]} {[%emt 00:03:55]} 14.
c5 {[%clk 01:01:11]} {[%emt 00:05:22]} Nbd5 {[%clk 00:42:57]} {[%emt 00:06:09]}
15. Nf4 {[%clk 00:59:17]} {[%emt 00:02:22]} Nxf4 {[%clk 00:34:36]} {[%emt
00:08:52]} 16. Bxf4 {[%clk 00:58:06]} {[%emt 00:01:41]} Qe8 {[%clk 00:31:35]}
{[%emt 00:03:31]} 17. Qc2 {[%clk 00:51:14]} {[%emt 00:07:21]} Ng4 {[%clk
00:26:56]} {[%emt 00:05:10]} 18. c6 {[%clk 00:46:56]} {[%emt 00:04:48]} bxc6
{[%clk 00:25:56]} {[%emt 00:01:31]} 19. Rfd1 {[%clk 00:33:26]} {[%emt
00:14:02]} e5 {[%clk 00:19:33]} {[%emt 00:06:53]} 20. Bxc6 {[%clk 00:31:29]}
{[%emt 00:02:25]} Qh5 {[%clk 00:19:34]} {[%emt 00:00:30]} 21. f3 {[%clk
00:30:47]} {[%emt 00:01:13]} exf4 {[%clk 00:15:04]} {[%emt 00:05:00]} 22. fxg4
{[%clk 00:30:49]} {[%emt 00:00:26]} Qxg4 {[%clk 00:15:23]} {[%emt 00:00:12]}
23. Bxa8 {[%clk 00:30:28]} {[%emt 00:00:50]} fxg3 {[%clk 00:15:14]} {[%emt
00:00:40]} 24. Bd5+ {[%clk 00:27:44]} {[%emt 00:03:14]} Kh8 {[%clk 00:15:36]}
{[%emt 00:00:08]} 25. Qg2 {[%clk 00:26:19]} {[%emt 00:01:43]} f4 {[%clk
00:14:09]} {[%emt 00:02:10]} 26. Rf1 {[%clk 00:20:26]} {[%emt 00:06:22]} Bh4
{[%clk 00:11:30]} {[%emt 00:03:09]} 27. Rf3 {[%clk 00:15:04]} {[%emt 00:05:52]}
gxh2+ {[%clk 00:10:06]} {[%emt 00:01:54]} 28. Kxh2 {[%clk 00:14:58]} {[%emt
00:00:36]} Bg3+ {[%clk 00:09:37]} {[%emt 00:01:00]} 29. Kg1 {[%clk 00:15:08]}
{[%emt 00:00:18]} Rf6 {[%clk 00:07:29]} {[%emt 00:02:39]} 30. Rc1 {[%clk
00:12:59]} {[%emt 00:02:36]} Rg6 {[%clk 00:06:14]} {[%emt 00:01:49]} 31. Kf1
{[%clk 00:10:40]} {[%emt 00:02:47]} h5 {[%clk 00:05:41]} {[%emt 00:01:04]} 32.
Rd3 {[%clk 00:00:43]} {[%emt 00:10:27]} Rd6 {[%clk 00:02:06]} {[%emt 00:04:05]}
33. Be4 {[%clk 00:00:42]} {[%emt 00:00:31]} Ba6 {[%clk 00:01:52]} {[%emt
00:00:44]} 34. Nc5 {[%clk 00:00:38]} {[%emt 00:00:34]} Bxd3+ {[%clk 00:01:47]}
{[%emt 00:00:36]} 35. Nxd3 {[%clk 00:00:50]} {[%emt 00:00:18]} Qd7 {[%clk
00:01:19]} {[%emt 00:00:57]} 36. Nf2 {[%clk 00:00:34]} {[%emt 00:00:45]} Rd2
{[%clk 00:01:25]} {[%emt 00:00:25]} 37. Rc2 {[%clk 00:00:34]} {[%emt 00:00:31]}
Rxf2+ {[%clk 00:01:32]} {[%emt 00:00:23]} 38. Qxf2 {[%clk 00:00:44]} {[%emt
00:00:19]} Bxf2 {[%clk 00:01:56]} {[%emt 00:00:06]} 39. Kxf2 {[%clk 00:01:04]}
{[%emt 00:00:10]} Qd4+ {[%clk 00:02:19]} {[%emt 00:00:08]} 0-1

[Event "DEM U12 2025"]
[Site "Willingen GER"]
[Date "2025.06.11"]
[Round "5"]
[White "Hoppe, Arthur"]
[Black "Andersen, Jonathan"]
[Result "0-1"]
[Termination "normal"]
[Board "6"]
[WhiteElo "1922"]
[BlackElo "1787"]
[WhiteClock "01:11:20"]
[BlackClock "00:21:26"]
[PlyCount "100"]
[WhiteFideId "34618910"]
[BlackFideId "34623884"]
[EventCountry "GER"]
[EventRounds "9"]
[EventType "swiss"]
[EventDate "2025.06.07"]

1. c4 {[%clk 01:30:56]} {[%emt 00:00:04]} Nf6 {[%clk 01:30:54]} {[%emt
00:00:07]} 2. Nc3 {[%clk 01:31:20]} {[%emt 00:00:06]} g6 {[%clk 01:31:04]}
{[%emt 00:00:21]} 3. e4 {[%clk 01:31:46]} {[%emt 00:00:03]} d6 {[%clk
01:31:28]} {[%emt 00:00:05]} 4. d4 {[%clk 01:32:11]} {[%emt 00:00:05]} Bg7
{[%clk 01:31:53]} {[%emt 00:00:06]} 5. f3 {[%clk 01:32:38]} {[%emt 00:00:03]}
O-O {[%clk 01:32:08]} {[%emt 00:00:14]} 6. Bg5 {[%clk 01:33:04]} {[%emt
00:00:04]} c5 {[%clk 01:32:29]} {[%emt 00:00:10]} 7. d5 {[%clk 01:33:27]}
{[%emt 00:00:07]} Qa5 {[%clk 01:30:32]} {[%emt 00:02:27]} 8. Bd2 {[%clk
01:32:55]} {[%emt 00:01:01]} Na6 {[%clk 01:26:13]} {[%emt 00:04:49]} 9. Nge2
{[%clk 01:32:38]} {[%emt 00:00:47]} Bd7 {[%clk 01:23:49]} {[%emt 00:02:55]} 10.
Ng3 {[%clk 01:32:29]} {[%emt 00:00:38]} Rfc8 {[%clk 01:19:31]} {[%emt
00:04:49]} 11. Be2 {[%clk 01:28:45]} {[%emt 00:04:14]} Rab8 {[%clk 01:19:09]}
{[%emt 00:00:52]} 12. O-O {[%clk 01:28:29]} {[%emt 00:00:45]} Qd8 {[%clk
01:17:57]} {[%emt 00:01:42]} 13. Qc1 {[%clk 01:27:39]} {[%emt 00:01:20]} Nc7
{[%clk 01:14:33]} {[%emt 00:03:55]} 14. a4 {[%clk 01:28:01]} {[%emt 00:00:08]}
a6 {[%clk 01:14:57]} {[%emt 00:00:06]} 15. a5 {[%clk 01:28:27]} {[%emt
00:00:04]} b5 {[%clk 01:14:15]} {[%emt 00:01:12]} 16. axb6 {[%clk 01:28:53]}
{[%emt 00:00:04]} Rxb6 {[%clk 01:14:35]} {[%emt 00:00:10]} 17. Na4 {[%clk
01:29:17]} {[%emt 00:00:06]} Bxa4 {[%clk 01:14:31]} {[%emt 00:00:34]} 18. Rxa4
{[%clk 01:29:38]} {[%emt 00:00:09]} Rcb8 {[%clk 01:14:30]} {[%emt 00:00:31]}
19. Bc3 {[%clk 01:29:52]} {[%emt 00:00:15]} h5 {[%clk 01:06:04]} {[%emt
00:08:56]} 20. Bd1 {[%clk 01:29:29]} {[%emt 00:00:53]} Nd7 {[%clk 00:33:52]}
{[%emt 00:32:41]} 21. Bxg7 {[%clk 01:28:06]} {[%emt 00:01:55]} Kxg7 {[%clk
00:33:14]} {[%emt 00:01:08]} 22. Rf2 {[%clk 01:20:29]} {[%emt 00:08:07]} e6
{[%clk 00:23:15]} {[%emt 00:10:29]} 23. b3 {[%clk 01:17:13]} {[%emt 00:03:47]}
h4 {[%clk 00:22:53]} {[%emt 00:00:51]} 24. Nf1 {[%clk 01:17:30]} {[%emt
00:00:12]} exd5 {[%clk 00:23:13]} {[%emt 00:00:10]} 25. exd5 {[%clk 01:17:56]}
{[%emt 00:00:04]} Qf6 {[%clk 00:23:26]} {[%emt 00:00:17]} 26. Raa2 {[%clk
01:18:13]} {[%emt 00:00:14]} Re8 {[%clk 00:22:55]} {[%emt 00:01:01]} 27. Rae2
{[%clk 01:16:55]} {[%emt 00:01:48]} Rbb8 {[%clk 00:22:42]} {[%emt 00:00:43]}
28. Ne3 {[%clk 01:16:54]} {[%emt 00:00:31]} Qd4 {[%clk 00:18:58]} {[%emt
00:04:14]} 29. Bc2 {[%clk 01:11:32]} {[%emt 00:05:51]} Ne5 {[%clk 00:18:02]}
{[%emt 00:01:27]} 30. Rf1 {[%clk 01:04:46]} {[%emt 00:07:17]} h3 {[%clk
00:14:26]} {[%emt 00:04:06]} 31. Rd1 {[%clk 01:03:40]} {[%emt 00:01:35]} Qh4
{[%clk 00:14:10]} {[%emt 00:00:46]} 32. f4 {[%clk 01:03:30]} {[%emt 00:00:41]}
Qh5 {[%clk 00:10:48]} {[%emt 00:03:52]} 33. Rf2 {[%clk 00:59:52]} {[%emt
00:04:07]} Nd7 {[%clk 00:09:26]} {[%emt 00:01:52]} 34. g3 {[%clk 00:59:19]}
{[%emt 00:01:04]} f5 {[%clk 00:07:35]} {[%emt 00:02:21]} 35. Re1 {[%clk
00:59:16]} {[%emt 00:00:33]} Nf6 {[%clk 00:07:39]} {[%emt 00:00:26]} 36. Rfe2
{[%clk 00:58:49]} {[%emt 00:00:58]} Kf7 {[%clk 00:07:38]} {[%emt 00:00:30]} 37.
Qd2 {[%clk 00:58:45]} {[%emt 00:00:34]} Ne4 {[%clk 00:07:20]} {[%emt 00:00:47]}
38. Bxe4 {[%clk 00:59:08]} {[%emt 00:00:07]} Rxe4 {[%clk 00:07:47]} {[%emt
00:00:05]} 39. Nd1 {[%clk 00:59:25]} {[%emt 00:00:12]} Rxe2 {[%clk 00:07:45]}
{[%emt 00:00:32]} 40. Rxe2 {[%clk 00:59:32]} {[%emt 00:00:23]} Rxb3 {[%clk
00:07:25]} {[%emt 00:00:50]} 41. Qe1 {[%clk 00:59:43]} {[%emt 00:00:18]} Qf3
{[%clk 00:01:50]} {[%emt 00:06:05]} 42. Rf2 {[%clk 00:52:39]} {[%emt 00:07:35]}
Qd3 {[%clk 00:28:28]} {[%emt 00:03:51]} 43. Nb2 {[%clk 01:19:17]} {[%emt
00:03:53]} Qd4 {[%clk 00:25:33]} {[%emt 00:03:23]} 44. Qc1 {[%clk 01:10:27]}
{[%emt 00:09:22]} Ne8 {[%clk 00:23:12]} {[%emt 00:02:51]} 45. g4 {[%clk
01:10:14]} {[%emt 00:00:42]} Nf6 {[%clk 00:23:18]} {[%emt 00:00:24]} 46. gxf5
{[%clk 01:10:35]} {[%emt 00:00:09]} Ne4 {[%clk 00:23:21]} {[%emt 00:00:28]} 47.
fxg6+ {[%clk 01:10:59]} {[%emt 00:00:06]} Kg7 {[%clk 00:23:29]} {[%emt
00:00:21]} 48. Nd1 {[%clk 01:11:22]} {[%emt 00:00:07]} Rd3 {[%clk 00:21:15]}
{[%emt 00:02:45]} 49. Ne3 {[%clk 01:11:26]} {[%emt 00:00:26]} Rxe3 {[%clk
00:21:21]} {[%emt 00:00:23]} 50. f5 {[%clk 01:11:20]} {[%emt 00:00:36]} Rg3+
{[%clk 00:21:26]} {[%emt 00:00:26]} 0-1

[Event "DEM U12 2025"]
[Site "Willingen GER"]
[Date "2025.06.11"]
[Round "5"]
[White "Hellriegel, Hannes"]
[Black "Fadeev, Justin Michael"]
[Result "0-1"]
[Termination "normal"]
[Board "7"]
[WhiteElo "1849"]
[BlackElo "2060"]
[WhiteClock "00:04:18"]
[BlackClock "00:08:47"]
[PlyCount "96"]
[WhiteFideId "34623701"]
[BlackFideId "34602968"]
[EventCountry "GER"]
[EventRounds "9"]
[EventType "swiss"]
[EventDate "2025.06.07"]

1. e4 {[%clk 01:30:58]} {[%emt 00:00:01]} c5 {[%clk 01:30:56]} {[%emt
00:00:03]} 2. Nf3 {[%clk 01:31:25]} {[%emt 00:00:03]} Nc6 {[%clk 01:31:21]}
{[%emt 00:00:05]} 3. d4 {[%clk 01:31:51]} {[%emt 00:00:04]} cxd4 {[%clk
01:31:42]} {[%emt 00:00:10]} 4. Nxd4 {[%clk 01:32:15]} {[%emt 00:00:06]} g6
{[%clk 01:32:09]} {[%emt 00:00:03]} 5. Nc3 {[%clk 01:32:39]} {[%emt 00:00:05]}
Bg7 {[%clk 01:32:35]} {[%emt 00:00:05]} 6. Be3 {[%clk 01:33:05]} {[%emt
00:00:04]} Nf6 {[%clk 01:32:52]} {[%emt 00:00:12]} 7. Bc4 {[%clk 01:33:21]}
{[%emt 00:00:15]} Qa5 {[%clk 01:31:46]} {[%emt 00:01:36]} 8. O-O {[%clk
01:32:38]} {[%emt 00:01:13]} O-O {[%clk 01:31:47]} {[%emt 00:00:29]} 9. Bb3
{[%clk 01:32:09]} {[%emt 00:00:59]} d6 {[%clk 01:32:04]} {[%emt 00:00:13]} 10.
h3 {[%clk 01:31:56]} {[%emt 00:00:42]} Bd7 {[%clk 01:32:17]} {[%emt 00:00:18]}
11. Re1 {[%clk 01:31:35]} {[%emt 00:00:50]} Rfe8 {[%clk 01:32:40]} {[%emt
00:00:08]} 12. Nf3 {[%clk 01:31:02]} {[%emt 00:01:04]} Rac8 {[%clk 01:29:20]}
{[%emt 00:03:49]} 13. a4 {[%clk 01:26:44]} {[%emt 00:04:48]} Nh5 {[%clk
01:21:57]} {[%emt 00:07:53]} 14. Ng5 {[%clk 01:20:08]} {[%emt 00:07:06]} Rf8
{[%clk 01:17:36]} {[%emt 00:04:51]} 15. f4 {[%clk 01:03:11]} {[%emt 00:17:26]}
Nb4 {[%clk 00:57:34]} {[%emt 00:20:33]} 16. g4 {[%clk 00:51:42]} {[%emt
00:11:58]} Nf6 {[%clk 00:56:57]} {[%emt 00:01:08]} 17. Bf2 {[%clk 00:39:01]}
{[%emt 00:13:11]} Bc6 {[%clk 00:50:45]} {[%emt 00:06:42]} 18. e5 {[%clk
00:35:40]} {[%emt 00:03:52]} Nfd5 {[%clk 00:43:51]} {[%emt 00:07:23]} 19. Nb5
{[%clk 00:22:03]} {[%emt 00:14:09]} h6 {[%clk 00:32:25]} {[%emt 00:11:57]} 20.
c3 {[%clk 00:19:39]} {[%emt 00:02:53]} hxg5 {[%clk 00:27:46]} {[%emt 00:05:09]}
21. cxb4 {[%clk 00:19:50]} {[%emt 00:00:19]} Nxb4 {[%clk 00:28:06]} {[%emt
00:00:09]} 22. Nxa7 {[%clk 00:16:53]} {[%emt 00:03:27]} Rcd8 {[%clk 00:26:01]}
{[%emt 00:02:35]} 23. Nxc6 {[%clk 00:14:05]} {[%emt 00:03:19]} Nxc6 {[%clk
00:26:05]} {[%emt 00:00:26]} 24. e6 {[%clk 00:10:22]} {[%emt 00:04:13]} f5
{[%clk 00:21:49]} {[%emt 00:04:46]} 25. fxg5 {[%clk 00:07:52]} {[%emt
00:03:00]} Bxb2 {[%clk 00:21:23]} {[%emt 00:00:56]} 26. Rb1 {[%clk 00:07:40]}
{[%emt 00:00:43]} Bc3 {[%clk 00:21:36]} {[%emt 00:00:17]} 27. Rf1 {[%clk
00:07:50]} {[%emt 00:00:19]} fxg4 {[%clk 00:19:23]} {[%emt 00:02:43]} 28. Bc2
{[%clk 00:04:02]} {[%emt 00:04:18]} Qxg5 {[%clk 00:17:21]} {[%emt 00:02:32]}
29. h4 {[%clk 00:03:54]} {[%emt 00:00:38]} Qf4 {[%clk 00:14:56]} {[%emt
00:02:54]} 30. Qd3 {[%clk 00:00:47]} {[%emt 00:03:38]} Ne5 {[%clk 00:14:33]}
{[%emt 00:00:53]} 31. Qg3 {[%clk 00:01:13]} {[%emt 00:00:03]} Nf3+ {[%clk
00:13:53]} {[%emt 00:01:10]} 32. Kg2 {[%clk 00:01:18]} {[%emt 00:00:25]} Qc4
{[%clk 00:11:40]} {[%emt 00:02:43]} 33. Bxg6 {[%clk 00:00:51]} {[%emt
00:00:57]} Be5 {[%clk 00:11:15]} {[%emt 00:00:56]} 34. Rbc1 {[%clk 00:00:39]}
{[%emt 00:00:43]} Qxa4 {[%clk 00:08:17]} {[%emt 00:03:28]} 35. Bf7+ {[%clk
00:00:42]} {[%emt 00:00:26]} Kh8 {[%clk 00:08:10]} {[%emt 00:00:37]} 36. Bd4
{[%clk 00:00:32]} {[%emt 00:00:40]} Qxd4 {[%clk 00:07:52]} {[%emt 00:00:48]}
37. Rcd1 {[%clk 00:00:32]} {[%emt 00:00:30]} Bxg3 {[%clk 00:05:52]} {[%emt
00:02:30]} 38. Rxd4 {[%clk 00:00:52]} {[%emt 00:00:10]} Nxd4 {[%clk 00:06:19]}
{[%emt 00:00:04]} 39. Kxg3 {[%clk 00:01:15]} {[%emt 00:00:06]} Nxe6 {[%clk
00:06:31]} {[%emt 00:00:18]} 40. Kxg4 {[%clk 00:01:21]} {[%emt 00:00:23]} Kg7
{[%clk 00:06:40]} {[%emt 00:00:20]} 41. h5 {[%clk 00:01:35]} {[%emt 00:00:17]}
Rxf7 {[%emt 00:00:13]} 42. h6+ {[%clk 00:02:01]} {[%emt 00:00:03]} Kg6 {[%clk
00:07:18]} {[%emt 00:00:10]} 43. Rh1 {[%clk 00:02:24]} {[%emt 00:00:07]} Rh8
{[%clk 00:07:34]} {[%emt 00:00:14]} 44. Rh5 {[%clk 00:02:38]} {[%emt 00:00:15]}
Rf4+ {[%clk 00:07:38]} {[%emt 00:00:28]} 45. Kh3 {[%clk 00:03:01]} {[%emt
00:00:06]} Kxh5 {[%clk 00:08:03]} {[%emt 00:00:06]} 46. h7 {[%clk 00:03:26]}
{[%emt 00:00:04]} Rxh7 {[%clk 00:08:25]} {[%emt 00:00:08]} 47. Kg2 {[%clk
00:03:52]} {[%emt 00:00:04]} Rg7+ {[%clk 00:08:51]} {[%emt 00:00:05]} 48. Kh3
{[%clk 00:04:18]} {[%emt 00:00:03]} Rh4# {[%clk 00:08:47]} {[%emt 00:00:04]}
0-1

[Event "DEM U12 2025"]
[Site "Willingen GER"]
[Date "2025.06.11"]
[Round "5"]
[White "Rogner, Alexander Luis"]
[Black "Chakhalov, Mikael"]
[Result "1-0"]
[Termination "normal"]
[Board "8"]
[WhiteElo "1811"]
[BlackElo "1902"]
[WhiteClock "00:15:48"]
[BlackClock "00:01:49"]
[PlyCount "75"]
[WhiteFideId "34606556"]
[BlackFideId "34644458"]
[EventCountry "GER"]
[EventRounds "9"]
[EventType "swiss"]
[EventDate "2025.06.07"]

1. e4 {[%clk 01:30:33]} {[%emt 00:00:27]} c5 {[%clk 01:30:49]} {[%emt
00:00:12]} 2. c3 {[%clk 01:30:58]} {[%emt 00:00:04]} d5 {[%clk 01:30:40]}
{[%emt 00:00:40]} 3. exd5 {[%clk 01:31:01]} {[%emt 00:00:26]} Qxd5 {[%clk
01:31:07]} {[%emt 00:00:03]} 4. d4 {[%clk 01:31:21]} {[%emt 00:00:09]} Nf6
{[%clk 01:31:02]} {[%emt 00:00:36]} 5. Nf3 {[%clk 01:31:41]} {[%emt 00:00:10]}
e6 {[%clk 01:30:51]} {[%emt 00:00:42]} 6. Be2 {[%clk 01:30:55]} {[%emt
00:01:15]} cxd4 {[%clk 01:30:08]} {[%emt 00:01:14]} 7. cxd4 {[%clk 01:29:11]}
{[%emt 00:02:13]} Nc6 {[%clk 01:30:04]} {[%emt 00:00:35]} 8. Nc3 {[%clk
01:28:51]} {[%emt 00:00:50]} Qd6 {[%clk 01:30:25]} {[%emt 00:00:09]} 9. O-O
{[%clk 01:26:43]} {[%emt 00:02:37]} Be7 {[%clk 01:30:45]} {[%emt 00:00:10]} 10.
Bg5 {[%clk 01:25:38]} {[%emt 00:01:35]} O-O {[%clk 01:26:50]} {[%emt 00:04:26]}
11. Qd2 {[%clk 01:21:50]} {[%emt 00:04:18]} a6 {[%clk 01:23:06]} {[%emt
00:04:14]} 12. Rad1 {[%clk 01:18:14]} {[%emt 00:04:05]} Rd8 {[%clk 01:22:17]}
{[%emt 00:01:19]} 13. Qc1 {[%clk 01:13:40]} {[%emt 00:05:05]} b5 {[%clk
01:12:39]} {[%emt 00:10:08]} 14. Bxf6 {[%clk 01:08:27]} {[%emt 00:05:43]} gxf6
{[%clk 01:01:10]} {[%emt 00:11:58]} 15. Ne4 {[%clk 01:02:03]} {[%emt 00:06:54]}
Qd7 {[%clk 00:45:15]} {[%emt 00:16:24]} 16. Qh6 {[%clk 01:01:03]} {[%emt
00:01:32]} f5 {[%clk 00:44:23]} {[%emt 00:01:22]} 17. Nfg5 {[%clk 00:56:25]}
{[%emt 00:05:09]} Bxg5 {[%clk 00:44:36]} {[%emt 00:00:16]} 18. Qxg5+ {[%clk
00:54:26]} {[%emt 00:02:29]} Kf8 {[%clk 00:43:27]} {[%emt 00:01:40]} 19. Nf6
{[%clk 00:53:11]} {[%emt 00:01:45]} Qa7 {[%clk 00:42:02]} {[%emt 00:01:55]} 20.
Nxh7+ {[%clk 00:39:37]} {[%emt 00:14:04]} Ke8 {[%clk 00:42:30]} {[%emt
00:00:02]} 21. Nf6+ {[%clk 00:39:58]} {[%emt 00:00:08]} Ke7 {[%clk 00:40:58]}
{[%emt 00:02:02]} 22. d5 {[%clk 00:36:32]} {[%emt 00:03:57]} Nd4 {[%clk
00:38:44]} {[%emt 00:02:45]} 23. Bh5 {[%clk 00:36:32]} {[%emt 00:00:30]} Bb7
{[%clk 00:33:02]} {[%emt 00:06:13]} 24. Rd3 {[%clk 00:28:35]} {[%emt 00:08:27]}
Kd6 {[%clk 00:22:52]} {[%emt 00:10:38]} 25. dxe6 {[%clk 00:23:18]} {[%emt
00:05:49]} fxe6 {[%clk 00:21:23]} {[%emt 00:01:58]} 26. Rxd4+ {[%clk 00:23:33]}
{[%emt 00:00:16]} Qxd4 {[%clk 00:19:50]} {[%emt 00:02:02]} 27. Rd1 {[%clk
00:23:59]} {[%emt 00:00:05]} Qxd1+ {[%clk 00:16:13]} {[%emt 00:04:07]} 28. Bxd1
{[%clk 00:24:23]} Rac8 {[%clk 00:14:38]} {[%emt 00:02:11]} 29. h4 {[%clk
00:22:02]} {[%emt 00:02:50]} Ke5 {[%clk 00:13:37]} {[%emt 00:01:26]} 30. Bb3
{[%clk 00:20:31]} {[%emt 00:02:07]} a5 {[%clk 00:10:28]} {[%emt 00:03:38]} 31.
Nh5 {[%clk 00:16:20]} {[%emt 00:04:41]} Kd6 {[%clk 00:08:11]} {[%emt 00:02:47]}
32. Qf6 {[%clk 00:14:24]} {[%emt 00:02:26]} Bd5 {[%clk 00:04:48]} {[%emt
00:03:53]} 33. Bxd5 {[%clk 00:14:44]} {[%emt 00:00:10]} Kxd5 {[%clk 00:03:53]}
{[%emt 00:01:25]} 34. Nf4+ {[%clk 00:15:03]} {[%emt 00:00:11]} Ke4 {[%clk
00:03:35]} {[%emt 00:00:48]} 35. Nxe6 {[%clk 00:15:19]} {[%emt 00:00:14]} Rd1+
{[%clk 00:03:23]} {[%emt 00:00:43]} 36. Kh2 {[%clk 00:15:45]} {[%emt 00:00:04]}
Rd2 {[%clk 00:02:39]} {[%emt 00:01:13]} 37. Ng5+ {[%clk 00:15:30]} {[%emt
00:00:46]} Kf4 {[%clk 00:01:49]} {[%emt 00:01:19]} 38. Nh3+ {[%clk 00:15:48]}
{[%emt 00:00:12]} 1-0